| 000 | 01109nam a22002777a 4500 | ||
|---|---|---|---|
| 005 | 20240530110458.0 | ||
| 008 | 150618s2010 ua adeof b 000 0 ara d | ||
| 017 |
_a2010/11408 _bمصر . دار الكتب المصرية |
||
| 020 | _a9789772879629 | ||
| 040 | _aEG-CaGPL | ||
| 082 | 0 | 4 |
_221 _a661.804\ _bم ب |
| 100 | 0 | _aمحمد اسماعيل عمر | |
| 245 | 1 | 2 |
_aالبتروكيماويات / _cتاليف كيميائى محمد اسماعيل عمر |
| 250 | _aط1 | ||
| 260 |
_aالقاهرة : _bدار الكتب العلمية للنشر و التوزيع ، _c2010 . |
||
| 300 |
_a416 ص : _bايض ؛ _c24 سم . |
||
| 504 | _aيشتمل على ارجاعات ببليوجرافية | ||
| 650 | 0 | 4 | _aالبتروكيماويات |
| 650 | 0 | 4 | _aاليكمياء العضوية |
| 650 | 0 | 4 | _aالمنتجات البترولية |
| 650 | 0 | 4 |
_aالبتروكيماويات _xصناعة و تجارة |
| 650 | 0 | 4 |
_aالبتروكيماويات _xالجوانب الصحية |
| 650 | 0 | 4 |
_aالبترول _xصناعات |
| 942 |
_2ddc _cBK |
||
| 999 |
_c61423 _d61423 |
||